<?xml version="1.0" encoding="UTF-8"?>
<record
    xmlns:xsi="http://www.w3.org/2001/XMLSchema-instance"
    xsi:schemaLocation="http://www.loc.gov/MARC21/slim http://www.loc.gov/standards/marcxml/schema/MARC21slim.xsd"
    xmlns="http://www.loc.gov/MARC21/slim">

  <leader>02435cam a2200349 ia4500</leader>
  <controlfield tag="003">SA-RiAUC</controlfield>
  <controlfield tag="005">20240828144241.0</controlfield>
  <controlfield tag="008">240827s2002    le     g b    00100 ara c</controlfield>
  <datafield tag="024" ind1="0" ind2=" ">
    <subfield code="a">00000000979995</subfield>
  </datafield>
  <datafield tag="024" ind1="0" ind2=" ">
    <subfield code="a">00000000984350</subfield>
  </datafield>
  <datafield tag="040" ind1=" " ind2=" ">
    <subfield code="a">SA-RiAUC</subfield>
    <subfield code="b">ara</subfield>
    <subfield code="c">SA-RiAUC</subfield>
    <subfield code="d">AE-DuMBRL</subfield>
    <subfield code="e">rda</subfield>
  </datafield>
  <datafield tag="050" ind1=" " ind2="4">
    <subfield code="b">A36 2002</subfield>
  </datafield>
  <datafield tag="082" ind1="0" ind2="4">
    <subfield code="a">258.2</subfield>
    <subfield code="q">SA-RiAUC</subfield>
  </datafield>
  <datafield tag="082" ind1="0" ind2="4">
    <subfield code="a">258.2</subfield>
  </datafield>
  <datafield tag="090" ind1=" " ind2=" ">
    <subfield code="a">258.2</subfield>
    <subfield code="b">&#x63A; &#x635; &#x645;</subfield>
  </datafield>
  <datafield tag="100" ind1=" " ind2=" ">
    <subfield code="a">&#x627;&#x644;&#x63A;&#x631;&#x64A;&#x627;&#x646;&#x64A;&#x60C; &#x627;&#x644;&#x635;&#x627;&#x62F;&#x642; &#x639;&#x628;&#x62F; &#x627;&#x644;&#x631;&#x62D;&#x645;&#x646;&#x60C;</subfield>
    <subfield code="d">1942-</subfield>
    <subfield code="e">&#x645;&#x624;&#x644;&#x641;.</subfield>
    <subfield code="9">21</subfield>
  </datafield>
  <datafield tag="245" ind1="1" ind2="0">
    <subfield code="a">&#x645;&#x62F;&#x648;&#x646;&#x629; &#x627;&#x644;&#x641;&#x642;&#x647; &#x627;&#x644;&#x645;&#x627;&#x644;&#x643;&#x64A; &#x648;&#x623;&#x62F;&#x644;&#x62A;&#x647; /</subfield>
    <subfield code="c">&#x62A;&#x623;&#x644;&#x64A;&#x641; &#x627;&#x644;&#x62F;&#x643;&#x62A;&#x648;&#x631; &#x627;&#x644;&#x635;&#x627;&#x62F;&#x642; &#x639;&#x628;&#x62F; &#x627;&#x644;&#x631;&#x62D;&#x645;&#x646; &#x627;&#x644;&#x63A;&#x631;&#x64A;&#x627;&#x646;&#x64A;.</subfield>
  </datafield>
  <datafield tag="250" ind1=" " ind2=" ">
    <subfield code="a">&#x627;&#x644;&#x637;&#x628;&#x639;&#x629; &#x627;&#x644;&#x623;&#x648;&#x644;&#x649;.</subfield>
  </datafield>
  <datafield tag="264" ind1=" " ind2="1">
    <subfield code="a">&#x628;&#x64A;&#x631;&#x648;&#x62A; :</subfield>
    <subfield code="b">&#x645;&#x624;&#x633;&#x633;&#x629; &#x627;&#x644;&#x631;&#x64A;&#x627;&#x646;&#x60C;</subfield>
    <subfield code="c">2002.</subfield>
  </datafield>
  <datafield tag="300" ind1=" " ind2=" ">
    <subfield code="a">4 &#x645;&#x62C;&#x644;&#x62F; &#x61B;</subfield>
    <subfield code="c">24 &#xD7; 17 &#x633;&#x645;</subfield>
  </datafield>
  <datafield tag="336" ind1=" " ind2=" ">
    <subfield code="a">&#x646;&#x635;</subfield>
    <subfield code="b">txt</subfield>
    <subfield code="2">rdacontent</subfield>
    <subfield code="3">&#x643;&#x62A;&#x627;&#x628;</subfield>
  </datafield>
  <datafield tag="337" ind1=" " ind2=" ">
    <subfield code="a">&#x628;&#x62F;&#x648;&#x646; &#x648;&#x633;&#x64A;&#x637;</subfield>
    <subfield code="b">n</subfield>
    <subfield code="2">rdamedia</subfield>
  </datafield>
  <datafield tag="338" ind1=" " ind2=" ">
    <subfield code="a">&#x645;&#x62C;&#x644;&#x62F;</subfield>
    <subfield code="b">nc</subfield>
    <subfield code="2">rdacarrier</subfield>
  </datafield>
  <datafield tag="500" ind1=" " ind2=" ">
    <subfield code="a">&#x64A;&#x634;&#x62A;&#x645;&#x644; &#x639;&#x644;&#x649; &#x643;&#x634;&#x627;&#x641;&#x627;&#x62A;.</subfield>
  </datafield>
  <datafield tag="504" ind1=" " ind2=" ">
    <subfield code="a">&#x64A;&#x634;&#x62A;&#x645;&#x644; &#x639;&#x644;&#x649; &#x625;&#x631;&#x62C;&#x627;&#x639;&#x627;&#x62A; &#x628;&#x628;&#x644;&#x64A;&#x648;&#x62C;&#x631;&#x627;&#x641;&#x64A;&#x629;.</subfield>
  </datafield>
  <datafield tag="520" ind1=" " ind2=" ">
    <subfield code="a">&#x64A;&#x62A;&#x646;&#x627;&#x648;&#x644; &#x643;&#x62A;&#x627;&#x628; (&#x645;&#x62F;&#x648;&#x646;&#x629; &#x627;&#x644;&#x641;&#x642;&#x647; &#x627;&#x644;&#x645;&#x627;&#x644;&#x643;&#x64A; &#x648;&#x623;&#x62F;&#x644;&#x62A;&#x647;) &#x648;&#x627;&#x644;&#x630;&#x64A; &#x642;&#x627;&#x645; &#x628;&#x62A;&#x623;&#x644;&#x64A;&#x641;&#x647; &#x62F;. &#x627;&#x644;&#x635;&#x627;&#x62F;&#x642; &#x639;&#x628;&#x62F; &#x627;&#x644;&#x631;&#x62D;&#x645;&#x646; &#x627;&#x644;&#x63A;&#x631;&#x64A;&#x627;&#x646;&#x64A;&#x60C; &#x645;&#x648;&#x636;&#x648;&#x639; (&#x641;&#x642;&#x647; &#x645;&#x627;&#x644;&#x643;&#x64A;) &#x647;&#x630;&#x627; &#x627;&#x644;&#x643;&#x62A;&#x627;&#x628; &#x645;&#x646; &#x623;&#x647;&#x645; &#x627;&#x644;&#x643;&#x62A;&#x628; &#x627;&#x644;&#x645;&#x639;&#x62A;&#x645;&#x62F;&#x629; &#x641;&#x64A; &#x627;&#x644;&#x641;&#x642;&#x647; &#x627;&#x644;&#x645;&#x627;&#x644;&#x643;&#x64A;&#x60C; &#x648;&#x647;&#x64A; &#x62C;&#x645;&#x639; &#x644;&#x644;&#x623;&#x62D;&#x643;&#x627;&#x645; &#x627;&#x644;&#x641;&#x642;&#x647;&#x64A;&#x629; &#x627;&#x644;&#x62A;&#x64A; &#x631;&#x648;&#x64A;&#x62A; &#x639;&#x646; &#x627;&#x644;&#x625;&#x645;&#x627;&#x645; &#x645;&#x627;&#x644;&#x643;. &#x641;&#x627;&#x644;&#x643;&#x62A;&#x627;&#x628; &#x634;&#x627;&#x645;&#x644; &#x648;&#x645;&#x648;&#x633;&#x639; &#x641;&#x64A; &#x627;&#x644;&#x641;&#x642;&#x647; &#x627;&#x644;&#x645;&#x627;&#x644;&#x643;&#x64A;&#x60C; &#x64A;&#x633;&#x64A;&#x631; &#x627;&#x644;&#x639;&#x628;&#x627;&#x631;&#x629; &#x633;&#x647;&#x644; &#x627;&#x644;&#x623;&#x633;&#x644;&#x648;&#x628; &#x641;&#x64A; &#x645;&#x62A;&#x646;&#x627;&#x648;&#x644; &#x627;&#x644;&#x645;&#x62A;&#x62E;&#x635;&#x635;&#x64A;&#x646; &#x648;&#x63A;&#x64A;&#x631; &#x627;&#x644;&#x645;&#x62A;&#x62E;&#x635;&#x635;&#x64A;&#x646;. &#x64A;&#x645;&#x62A;&#x627;&#x632; &#x643;&#x62A;&#x627;&#x628; "&#x645;&#x62F;&#x648;&#x646;&#x629; &#x627;&#x644;&#x641;&#x642;&#x647; &#x627;&#x644;&#x645;&#x627;&#x644;&#x643;&#x64A; &#x648;&#x623;&#x62F;&#x644;&#x62A;&#x647;"&#x60C; &#x628;&#x645;&#x627; &#x64A;&#x644;&#x64A; :&#x627;&#x644;&#x625;&#x639;&#x62A;&#x646;&#x627;&#x621; &#x628;&#x630;&#x643;&#x631; &#x623;&#x62F;&#x644;&#x629; &#x627;&#x644;&#x645;&#x633;&#x627;&#x626;&#x644; &#x648;&#x627;&#x644;&#x62C;&#x632;&#x626;&#x64A;&#x627;&#x62A; &#x645;&#x646; &#x627;&#x644;&#x643;&#x62A;&#x627;&#x628; &#x648;&#x627;&#x644;&#x633;&#x646;&#x629; &#x648;&#x627;&#x644;&#x623;&#x635;&#x648;&#x644; &#x627;&#x644;&#x639;&#x627;&#x645;&#x629;&#x60C; &#x648;&#x644;&#x645; &#x64A;&#x633;&#x62A;&#x62F;&#x644; &#x628;&#x627;&#x644;&#x62D;&#x62F;&#x64A;&#x62B; &#x627;&#x644;&#x636;&#x639;&#x64A;&#x641; &#x625;&#x644;&#x627; &#x625;&#x630;&#x627; &#x643;&#x627;&#x646; &#x623;&#x643;&#x62B;&#x631; &#x627;&#x644;&#x639;&#x644;&#x645;&#x627;&#x621; &#x639;&#x644;&#x649; &#x627;&#x644;&#x639;&#x645;&#x644; &#x628;&#x647;&#x60C; &#x62D;&#x64A;&#x646; &#x644;&#x627; &#x64A;&#x643;&#x648;&#x646; &#x641;&#x64A; &#x627;&#x644;&#x645;&#x633;&#x623;&#x644;&#x629; &#x62F;&#x644;&#x64A;&#x644; &#x63A;&#x64A;&#x631;&#x647;. &#x630;&#x643;&#x631; &#x645;&#x639; &#x627;&#x644;&#x623;&#x62D;&#x643;&#x627;&#x645; &#x645;&#x627; &#x64A;&#x62A;&#x635;&#x644; &#x628;&#x647;&#x627; &#x645;&#x646; &#x627;&#x644;&#x623;&#x62D;&#x643;&#x627;&#x645; &#x627;&#x644;&#x634;&#x631;&#x639;&#x64A;&#x629; &#x648;&#x622;&#x62F;&#x627;&#x628; &#x627;&#x644;&#x633;&#x644;&#x648;&#x643;. </subfield>
  </datafield>
  <datafield tag="590" ind1=" " ind2=" ">
    <subfield code="a">&#x64A;&#x62A;&#x648;&#x627;&#x641;&#x631; &#x628;&#x627;&#x644;&#x645;&#x643;&#x62A;&#x628;&#x629; : &#x645;&#x62C;&#x644;&#x62F; 1-4.</subfield>
  </datafield>
  <datafield tag="650" ind1=" " ind2="0">
    <subfield code="a">&#x627;&#x644;&#x641;&#x642;&#x647; &#x627;&#x644;&#x645;&#x627;&#x644;&#x643;&#x64A;</subfield>
    <subfield code="2">aucsh</subfield>
    <subfield code="9">5</subfield>
  </datafield>
  <datafield tag="942" ind1=" " ind2=" ">
    <subfield code="2">ddc</subfield>
    <subfield code="c">BOOK</subfield>
  </datafield>
  <datafield tag="949" ind1=" " ind2=" ">
    <subfield code="a">SA-JeALM</subfield>
    <subfield code="d">240827</subfield>
    <subfield code="u">khaled123</subfield>
    <subfield code="n">1</subfield>
  </datafield>
  <datafield tag="952" ind1=" " ind2=" ">
    <subfield code="0">0</subfield>
    <subfield code="1">0</subfield>
    <subfield code="2">ddc</subfield>
    <subfield code="3">&#x627;&#x644;&#x645;&#x62C;&#x644;&#x62F; &#x627;&#x644;&#x627;&#x648;&#x644;</subfield>
    <subfield code="4">0</subfield>
    <subfield code="7">0</subfield>
    <subfield code="a">WAHAB</subfield>
    <subfield code="b">WAHAB</subfield>
    <subfield code="d">2024-08-27</subfield>
    <subfield code="l">0</subfield>
    <subfield code="o">258.2 &#x63A; &#x631; &#x64A;</subfield>
    <subfield code="p">000000051</subfield>
    <subfield code="r">2024-08-27 15:01:51</subfield>
    <subfield code="w">2024-08-27</subfield>
    <subfield code="y">BOOK</subfield>
  </datafield>
  <datafield tag="952" ind1=" " ind2=" ">
    <subfield code="0">0</subfield>
    <subfield code="1">0</subfield>
    <subfield code="2">ddc</subfield>
    <subfield code="3">&#x627;&#x644;&#x645;&#x62C;&#x644;&#x62F; &#x627;&#x644;&#x62B;&#x627;&#x646;&#x64A;</subfield>
    <subfield code="4">0</subfield>
    <subfield code="7">0</subfield>
    <subfield code="a">WAHAB</subfield>
    <subfield code="b">WAHAB</subfield>
    <subfield code="d">2024-08-27</subfield>
    <subfield code="l">0</subfield>
    <subfield code="o">258.2 &#x63A; &#x631; &#x64A;</subfield>
    <subfield code="p">000000052</subfield>
    <subfield code="r">2024-08-27 15:08:56</subfield>
    <subfield code="w">2024-08-27</subfield>
    <subfield code="y">BOOK</subfield>
  </datafield>
  <datafield tag="952" ind1=" " ind2=" ">
    <subfield code="0">0</subfield>
    <subfield code="1">0</subfield>
    <subfield code="2">ddc</subfield>
    <subfield code="3">&#x627;&#x644;&#x645;&#x62C;&#x644;&#x62F; &#x627;&#x644;&#x62B;&#x627;&#x644;&#x62B;</subfield>
    <subfield code="4">0</subfield>
    <subfield code="7">0</subfield>
    <subfield code="a">WAHAB</subfield>
    <subfield code="b">WAHAB</subfield>
    <subfield code="d">2024-08-27</subfield>
    <subfield code="l">0</subfield>
    <subfield code="o">258.2 &#x63A; &#x631; &#x64A;</subfield>
    <subfield code="p">000000053</subfield>
    <subfield code="r">2024-08-27 15:08:56</subfield>
    <subfield code="w">2024-08-27</subfield>
    <subfield code="y">BOOK</subfield>
  </datafield>
  <datafield tag="952" ind1=" " ind2=" ">
    <subfield code="0">0</subfield>
    <subfield code="1">0</subfield>
    <subfield code="2">ddc</subfield>
    <subfield code="3">&#x627;&#x644;&#x645;&#x62C;&#x644;&#x62F; &#x627;&#x644;&#x631;&#x627;&#x628;&#x639;</subfield>
    <subfield code="4">0</subfield>
    <subfield code="7">0</subfield>
    <subfield code="a">WAHAB</subfield>
    <subfield code="b">WAHAB</subfield>
    <subfield code="d">2024-08-27</subfield>
    <subfield code="l">0</subfield>
    <subfield code="o">258.2 &#x63A; &#x631; &#x64A;</subfield>
    <subfield code="p">000000054</subfield>
    <subfield code="r">2024-08-27 15:08:56</subfield>
    <subfield code="w">2024-08-27</subfield>
    <subfield code="y">BOOK</subfield>
  </datafield>
  <datafield tag="999" ind1=" " ind2=" ">
    <subfield code="c">12</subfield>
    <subfield code="d">12</subfield>
  </datafield>
</record>
